La chasse - Statistiques

Statistiques générales
  • Ce quiz a été pris 218 fois
  • Le résultat moyen est 8 sur 12
Statistiques - réponses
Hint Réponse % Correct
Arme à canon lisse Fusil
91%
Animal considéré comme nuisible ravageant les cultures Sanglier
89%
Arme à canon rayée Carabine
88%
Outil de visée Lunette
82%
Oiseau appelé la "Reine des bois" Bécasse
71%
Nom donné aux petits de la laie Marcassins
64%
Nom donné à un animal chassé Gibier
62%
Endroit dans lequel les chasseurs attendent les canards Gabion
53%
Nom donné à la femelle du lièvre Hase
53%
Endroit où ceux-ci mettent bas Chaudron
52%
Endroit sur lequel le chasseur pourra tirer en toute sécurité Mirador
49%
Nom donné à la chasse pratiquée à cheval Chasse à coure
47%
Aucun quiz correspondant
Distribution des résultats
% des personnes avec chaque résultat
Percentile par nombre de réponses
Votre historique - résultats
Vous n’avez pas pris ce quiz